[Event "Vaujany Principal"]
[Site "?"]
[Date "2013.07.12"]
[Round "2.7"]
[White "Carmaciu, Catalin"]
[Black "Kormos, Adam"]
[Result "1/2-1/2"]
[WhiteElo "2416"]
[BlackElo "2211"]
[PlyCount "226"]
[SourceDate "2013.07.27"]

1. e4 e5 2. Nf3 Nc6 3. Bc4 Bc5 4. d3 Nf6 5. Bb3 O-O 6. h3 d6 7. c3 Ne7 8. O-O
Ng6 9. d4 Bb6 10. Re1 Qe7 11. Na3 c6 12. Nc4 Bc7 13. dxe5 dxe5 14. a4 a5 15.
Qc2 Nh5 16. Ne3 Ngf4 17. Nf5 Qf6 18. g3 Nxh3+ 19. Kg2 Bxf5 20. exf5 e4 21. Rxe4
Nxf2 22. Rh4 Nxg3 23. Bg5 Qxf5 24. Qxf2 g6 25. Bc2 Qc8 26. Qd4 Re8 27. Ng1 Nf5
28. Bxf5 Qxf5 29. Bf6 c5 30. Qf2 Qxf2+ 31. Kxf2 Ra6 32. Bg5 Be5 33. Nf3 Rb6 34.
Re1 Rbe6 35. Rxe5 Rxe5 36. Nxe5 Rxe5 37. Be3 h5 38. Rc4 b6 39. b4 Rf5+ 40. Ke2
cxb4 41. cxb4 axb4 42. Rxb4 Ra5 43. Bxb6 Ra8 44. a5 f5 45. Bc7 Kf7 46. Rb8 Ra6
47. Bb6 g5 48. Kd3 g4 49. Kc4 g3 50. Rb7+ Kg6 51. Rb8 Kf7 52. Rb7+ Kg6 53. Bd4
Rxa5 54. Rg7+ Kh6 55. Rxg3 f4 56. Rg8 Rf5 57. Kd3 f3 58. Be3+ Kh7 59. Rg1 f2
60. Rf1 Kg6 61. Ke4 Rf8 62. Bxf2 Re8+ 63. Kf4 Rf8+ 64. Kg3 Rb8 65. Be3 Rb3 66.
Kf3 Rb5 67. Rg1+ Kf6 68. Ke4 Re5+ 69. Kf3 Rb5 70. Rg8 Rf5+ 71. Kg3 Ke5 72. Kh4
Ke4 73. Bg5 Rf1 74. Re8+ Kd5 75. Kxh5 Rf2 76. Kg4 Rf1 77. Bf4 Rh1 78. Kf5 Rh5+
79. Bg5 Rh1 80. Rd8+ Kc6 81. Bf4 Kc5 82. Be3+ Kc4 83. Ke4 Rh4+ 84. Bf4 Kc5 85.
Rc8+ Kb6 86. Ke5 Rh3 87. Kd5 Rd3+ 88. Ke4 Rh3 89. Be5 Rh7 90. Kd5 Rb7 91. Rc2
Kb5 92. Bc7 Ka6 93. Kc6 Rb6+ 94. Kd7 Rb3 95. Rc5 Rb5 96. Rc4 Kb7 97. Bd6 Rb3
98. Rc7+ Ka6 99. Kc6 Rb6+ 100. Kc5 Rb5+ 101. Kc4 Rb7 102. Rc8 Rb6 103. Kd5 Rb3
104. Ra8+ Kb5 105. Bc5 Rd3+ 106. Bd4 Rb3 107. Ra1 Kb4 108. Rc1 Kb5 109. Rc5+
Ka4 110. Kc6 Rb8 111. Be5 Rb3 112. Bc3 Rb1 113. Kd5 Rb5 1/2-1/2

[Event "Vaujany Principal"]
[Site "?"]
[Date "2013.07.12"]
[Round "2.8"]
[White "Juhasz, Armin"]
[Black "Foisor, Ovidiu-Doru"]
[Result "0-1"]
[WhiteElo "2223"]
[BlackElo "2400"]
[PlyCount "84"]
[SourceDate "2013.07.27"]

1. d4 g6 2. c4 Bg7 3. e4 d6 4. Nc3 Nd7 5. Nf3 e5 6. Be2 c6 7. O-O Nh6 8. d5 c5
9. Be3 (9. a3) 9... f6 10. Nd2 O-O 11. Rb1 f5 12. f3 f4 13. Bf2 g5 14. b4 b6
15. bxc5 dxc5 16. a4 a5 17. Qb3 Rf6 18. Rfd1 Rg6 19. Nf1 Bf8 20. d6 Rxd6 21.
Rxd6 Bxd6 22. Rd1 Nf7 23. Nb5 Be7 24. Rd2 Qf8 25. Nc7 Rb8 26. Qb5 Nf6 27. Qb2
Bd7 28. Qa1 Rb7 29. Nd5 Nxd5 30. exd5 Nd6 31. Bd3 Bf6 32. Qa2 g4 33. Re2 gxf3
34. Re1 fxg2 35. Nd2 Bf5 36. Bxf5 Nxf5 37. Ne4 Rg7 38. Qb1 Bd8 39. Qb2 Nd4 40.
Bxd4 exd4 41. Qb5 f3 42. Nf2 Re7 0-1

[Event "Vaujany Principal"]
[Site "?"]
[Date "2013.07.12"]
[Round "2.9"]
[White "Foisor, Cristina-Adela"]
[Black "Adda, Olivier"]
[Result "1-0"]
[WhiteElo "2387"]
[BlackElo "2132"]
[PlyCount "89"]
[SourceDate "2013.07.27"]

1. c4 Nf6 2. g3 e6 3. Bg2 d5 4. Nf3 dxc4 5. Qa4+ c6 6. Qxc4 b5 7. Qc2 Bb7 8.
O-O a6 9. d4 Nbd7 10. Nc3 c5 11. dxc5 Bxc5 12. Bg5 Rc8 13. a3 O-O 14. Rad1 Qc7
15. Bf4 e5 16. Nxe5 Bxg2 17. Nxd7 Qc6 18. Nxf6+ gxf6 19. Qf5 Bxf1 20. Nd5 Rfd8
21. Kxf1 Rxd5 22. Qxd5 Qxd5 23. Rxd5 Kg7 24. h4 Bf8 25. Bd2 Rc2 26. b4 Ra2 27.
Rd3 Kg6 28. e4 h5 29. Be3 f5 30. e5 f4 31. Bxf4 Kf5 32. Kg2 Bg7 33. Rd7 Bxe5
34. Bxe5 Kxe5 35. Rxf7 Rxa3 36. Rh7 Kd4 37. Rxh5 Kc4 38. Re5 Kxb4 39. h5 Rd3
40. h6 Rd8 41. g4 a5 42. g5 a4 43. h7 a3 44. g6 a2 45. Re1 1-0

[Event "Vaujany Principal"]
[Site "?"]
[Date "2013.07.12"]
[Round "2.10"]
[White "Adam, Gyorgy"]
[Black "Joie, Sebastien"]
[Result "1/2-1/2"]
[WhiteElo "2129"]
[BlackElo "2387"]
[PlyCount "109"]
[EventDate "2013.07.27"]
[SourceDate "2013.07.27"]

1. e4 e5 2. Nf3 Nc6 3. Bb5 a6 4. Ba4 d6 5. Bxc6+ bxc6 6. d4 Nf6 7. Qd3 exd4 8.
Nxd4 c5 9. Ne2 Be7 10. O-O O-O 11. Nbc3 Rb8 12. Nf4 Nd7 13. Nfd5 f5 14. Nxe7+
Qxe7 15. exf5 Ne5 16. Qd5+ Kh8 17. f4 Ng4 18. Qf3 Bxf5 19. Nd5 Qf7 20. b3 Rbe8
21. c4 Nf6 22. Nc3 Ne4 23. Nxe4 Bxe4 24. Qc3 Qg6 25. Rf2 Kg8 26. g3 Bc6 27. Bb2
Rf7 28. Qc2 Qg4 29. Qd1 Qf5 30. Qc2 Qg4 31. Qd1 Qh3 32. Qf1 Qf5 33. Re2 Rxe2
34. Qxe2 Qh3 35. Qf1 Qg4 36. Re1 h5 37. Qe2 Qh3 38. Qf1 Qg4 39. Qe2 Qh3 40. Qf1
Qf5 41. Qe2 h4 42. Qe6 Qc2 43. Qe2 Qf5 44. Qe6 Qc2 45. Qe2 Qh7 46. g4 Rxf4 47.
Qe6+ Kh8 48. g5 Rf8 49. Qh6 Re8 50. Rxe8+ Bxe8 51. Bxg7+ Kg8 52. Qxh7+ Kxh7 53.
Bf6 Bf7 54. Kg2 Kg6 55. Bd8 1/2-1/2

[Event "Vaujany Principal"]
[Site "?"]
[Date "2013.07.12"]
[Round "2.11"]
[White "Olivier, Jean-Christophe"]
[Black "Veys, V."]
[Result "1-0"]
[WhiteElo "2350"]
[BlackElo "2129"]
[PlyCount "71"]
[SourceDate "2013.07.27"]

1. e4 e5 2. Nf3 Nc6 3. Bb5 a6 4. Ba4 Nf6 5. O-O Bc5 6. Bxc6 dxc6 7. Nxe5 Nxe4
8. Qe2 Qd5 9. d3 Qxe5 10. Qxe4 Qxe4 11. dxe4 O-O 12. Bf4 Re8 13. Nd2 Re7 14.
Rfe1 Bg4 15. Be3 Bxe3 16. Rxe3 Rd8 17. Nf1 Red7 18. Ree1 Be6 19. Ne3 Rd4 20. f3
c5 21. a3 g6 22. Rad1 f5 23. exf5 gxf5 24. g3 Kf7 25. Kf2 f4 26. gxf4 Kf6 27.
c3 Rd2+ 28. Rxd2 Rxd2+ 29. Re2 Rd6 30. Ng4+ Kf7 31. Re5 b6 32. Rh5 Kg6 33. Rh6+
Kg7 34. Ke3 Bf5 35. Rh5 Kg6 36. Rg5+ 1-0

[Event "Vaujany Principal"]
[Site "?"]
[Date "2013.07.12"]
[Round "2.12"]
[White "Deleva, Mathias"]
[Black "Schoorl, Rob"]
[Result "0-1"]
[WhiteElo "2098"]
[BlackElo "2340"]
[PlyCount "42"]
[EventDate "2013.07.27"]
[SourceDate "2013.07.27"]

1. e4 e5 2. Nf3 Nc6 3. d4 exd4 4. Nxd4 g6 5. Nc3 Bg7 6. Be3 Nf6 7. Nxc6 bxc6 8.
e5 Ng8 9. f4 Ne7 10. Qd2 O-O 11. O-O-O d6 12. exd6 Nf5 13. Bc5 cxd6 14. Bxd6
Nxd6 15. Qxd6 Qa5 16. Qxc6 Be6 17. Na4 Rfc8 18. Qa6 Rxc2+ 19. Kb1 Rxb2+ 20.
Nxb2 Bf5+ 21. Ka1 Bxb2+ 0-1

[Event "Vaujany Principal"]
[Site "?"]
[Date "2013.07.12"]
[Round "2.13"]
[White "Juhasz, Kristof"]
[Black "Georges, Thomas"]
[Result "1-0"]
[WhiteElo "2292"]
[BlackElo "1840"]
[Annotator "Juhasz Kristof"]
[PlyCount "73"]
[SourceDate "2013.07.27"]

1. Nf3 Nf6 2. g3 d5 3. Bg2 e6 4. c4 Be7 5. d4 O-O 6. Nc3 dxc4 7. Ne5 Nc6 8.
Bxc6 bxc6 9. Nxc6 Qe8 10. Nxe7+ Qxe7 11. Qa4 e5 12. dxe5 Qxe5 13. Qxc4 Bb7 (
13... Be6 $142 14. Bf4 Bxc4 15. Bxe5 Nd5 16. b3 Nxc3 17. Bxc3 $14) 14. Bf4 $1
Qh5 15. f3 Rad8 (15... Bxf3 16. exf3 Qxf3 17. Kd2 $1 Rad8+ 18. Kc2) 16. O-O $16
Rd7 (16... Nd5 17. Nxd5) 17. Rad1 Qf5 (17... Rfd8 {Diagramme #} 18. Qxc7 $3
Rxc7 19. Rxd8+ Ne8 20. Rxe8#) 18. e4 Qh3 19. Rxd7 Qxd7 (19... Nxd7 20. Qxc7 $18
) 20. Rd1 $18 Qe7 21. Qxc7 Qxc7 22. Bxc7 Rc8 23. Rd8+ Rxd8 24. Bxd8 Nd7 25. Kf2
Kf8 26. Ba5 Ke7 27. Nb5 a6 28. Bb4+ Ke6 29. Nc7+ Kf6 30. Ne8+ Kg6 31. Bc3 f6
32. Nd6 Bc6 33. Bd4 Ne5 34. Ke3 Nf7 35. Nf5 Ne5 36. Bxe5 fxe5 37. Ne7+ 1-0

[Event "Vaujany Principal"]
[Site "?"]
[Date "2013.07.12"]
[Round "2.14"]
[White "Moal, Alain"]
[Black "Doncea, Vladimir"]
[Result "0-1"]
[WhiteElo "2162"]
[BlackElo "2423"]
[PlyCount "114"]
[SourceDate "2013.07.27"]

1. d4 Nf6 2. c4 e6 3. Nf3 d5 4. g3 Bb4+ 5. Bd2 Bd6 6. Qc2 c6 7. Nc3 Nbd7 8. Bg2
O-O 9. O-O dxc4 10. Bg5 b5 11. Ne5 Nxe5 12. dxe5 Bxe5 13. Nxb5 Qb6 14. Nc3 Nd5
15. Na4 Qb5 16. Bd2 a5 17. Nc3 Qb8 18. Rab1 Ba6 19. Nxd5 cxd5 20. Bxa5 Bc8 21.
Qd2 Bd7 22. Bc3 Rxa2 23. e4 Bc6 24. exd5 Bxd5 25. Bxd5 Bxc3 26. Qxc3 exd5 27.
Rfd1 Rd8 28. Rd4 g6 29. h4 h5 30. Kg2 Qb7 31. Kg1 Rb8 32. Rd2 Qb3 33. Rbd1 Qxc3
34. bxc3 Rxd2 35. Rxd2 Rb5 36. Kg2 Kg7 37. Kf3 Kf6 38. Kf4 Ke6 39. Re2+ Kd6 40.
Re8 Rb3 41. Re3 Rb2 42. f3 Rd2 43. g4 d4 44. Re4 f6 45. gxh5 gxh5 46. cxd4 c3
47. Re1 Rxd4+ 48. Ke3 Kd5 49. Ra1 Rc4 50. Kd3 c2 51. Rc1 Rc6 52. Rxc2 Rxc2 53.
Kxc2 Ke5 54. Kd3 Kf4 55. Ke2 Kg3 56. Ke3 f5 57. f4 Kg4 0-1

[Event "Vaujany Principal"]
[Site "?"]
[Date "2013.07.12"]
[Round "2.15"]
[White "Foisor, Sabina"]
[Black "Petrone, Gianmario"]
[Result "1-0"]
[WhiteElo "2281"]
[BlackElo "1966"]
[PlyCount "109"]
[SourceDate "2013.07.27"]

1. d4 Nf6 2. c4 g6 3. Nc3 Bg7 4. e4 d6 5. Nf3 O-O 6. Be2 Na6 7. O-O e5 8. Be3
Ng4 9. Bg5 Qe8 10. c5 exd4 11. Nd5 Be6 12. Bxa6 Bxd5 13. exd5 bxa6 14. cxd6
cxd6 15. Nxd4 Qe5 16. Qxg4 Qxd4 17. Qxd4 Bxd4 18. Rad1 Bxb2 19. Be7 Rfe8 20.
Bxd6 Rad8 21. Bf4 Be5 22. Be3 Rd7 23. Rd3 Bc7 24. g4 Bb6 25. Kg2 Re5 26. Rfd1
h5 27. h3 hxg4 28. hxg4 f5 29. Kg3 Bxe3 30. fxe3 Re4 31. gxf5 gxf5 32. Kf3 Kg7
33. Rd4 Rxd4 34. Rxd4 Kf6 35. Ra4 Ke5 36. Rxa6 Kxd5 37. Kf4 Rf7 38. Ra5+ Ke6
39. Re5+ Kd6 40. Rxf5 Rh7 41. Ra5 Rh4+ 42. Kf3 Rh3+ 43. Ke4 Rh4+ 44. Kd3 Rh7
45. Kd4 Kc6 46. e4 Kb6 47. Ra3 Kc6 48. Rc3+ Kd7 49. Kd5 Rh5+ 50. e5 Rh2 51. Ra3
Rd2+ 52. Ke4 Re2+ 53. Kd4 Rd2+ 54. Ke3 Rd1 55. Rd3+ 1-0

[Event "Vaujany Principal"]
[Site "?"]
[Date "2013.07.12"]
[Round "2.18"]
[White "Koetz, Andreas"]
[Black "Solozhenkin, Evgeniy"]
[Result "0-1"]
[WhiteElo "2013"]
[BlackElo "2458"]
[PlyCount "92"]
[SourceDate "2013.07.27"]

1. d4 Nf6 2. c4 c5 3. Nf3 cxd4 4. Nxd4 g6 5. g3 Bg7 6. Bg2 O-O 7. O-O Nc6 8.
Nc3 Ng4 9. Nc2 Bxc3 10. bxc3 d6 11. Nd4 Bd7 12. Qb3 Na5 13. Qb1 Qc7 14. h3 Nf6
15. Bg5 Qxc4 16. Bxf6 exf6 17. Qb2 Rac8 18. Rac1 Ba4 19. Qd2 Kg7 20. h4 Qc5 21.
Bf3 h5 22. Kg2 Rc7 23. g4 Nc4 24. Qf4 Qe5 25. Qg3 Qxg3+ 26. Kxg3 hxg4 27. Bxg4
Nd2 28. Rg1 f5 29. Bf3 Kf6 30. Kf4 Rh8 31. Rh1 Nxf3 32. Nxf3 Bc6 33. Rhd1 Bxf3
34. Kxf3 Ke5 35. Kg3 f4+ 36. Kg2 Rxh4 37. Rd3 d5 38. Rcd1 Rc5 39. Rb1 b6 40.
Rb3 f5 41. Ra3 Rh7 42. e3 Rc4 43. f3 Rhc7 44. Rb3 R7c5 45. Rb4 Rxb4 46. cxb4
Rc2+ 0-1

[Event "Vaujany Principal"]
[Site "?"]
[Date "2013.07.12"]
[Round "2.19"]
[White "Bandet, Raphael"]
[Black "Sonnet, Jean-Pierre"]
[Result "0-1"]
[WhiteElo "2000"]
[BlackElo "2113"]
[PlyCount "146"]
[SourceDate "2013.07.27"]

1. e4 c5 2. Nf3 d6 3. d4 cxd4 4. Nxd4 Nf6 5. Nc3 a6 6. Be3 e5 7. Nb3 Be7 8. Qd2
Be6 9. O-O-O Nbd7 10. f4 b5 11. f5 Bc4 12. Bd3 O-O 13. Rhg1 Bxd3 14. Qxd3 b4
15. Na4 Qc7 16. Nd2 Rfc8 17. Kb1 Qc6 18. b3 d5 19. exd5 Nxd5 20. Nc4 Nxe3 21.
Qxe3 Rab8 22. g4 f6 23. Qd3 Nc5 24. Nxc5 Bxc5 25. Rge1 Bd4 26. g5 Kh8 27. Re4
Rd8 28. Rh4 Bb6 29. Nd6 fxg5 30. Nf7+ Kg8 31. Nxd8 Rxd8 32. Qc4+ Qxc4 33. Rxd8+
Bxd8 34. Rxc4 Be7 35. Rc6 a5 36. Kc1 g4 37. Kd1 Bg5 38. Ke2 Bf4 39. Ra6 Bxh2
40. Kf2 Bf4 41. Rxa5 e4 42. a3 e3+ 43. Ke2 h5 44. Ra4 g3 45. Kf1 Bd6 46. Ra6
Bc5 {Diagramme #} 47. axb4 e2+ 48. Kxe2 g2 49. Rg6 g1=Q 50. Rxg1 Bxg1 51. Kf3
Kf7 52. Kf4 Kf6 53. c3 Bh2+ 54. Ke4 h4 55. b5 Be5 56. c4 Bd6 57. Kd5 h3 58.
Kxd6 h2 59. b6 h1=Q 60. Kc7 Qh2+ 61. Kc8 Qd6 62. b7 Qc6+ 63. Kb8 Ke7 64. Ka7
Qc5+ 65. Ka6 Qa3+ 66. Kb6 Qxb3+ 67. Kc6 Qxc4+ 68. Kb6 Qb4+ 69. Ka7 Qa5+ 70. Kb8
Qb6 71. Ka8 Qa6+ 72. Kb8 Kd7 73. f6 Kc6 0-1

[Event "Vaujany Principal"]
[Site "?"]
[Date "2013.07.12"]
[Round "2.20"]
[White "Gazik, Viktor"]
[Black "Grimm, Gyorgy"]
[Result "1-0"]
[WhiteElo "2112"]
[BlackElo "2009"]
[PlyCount "41"]
[EventDate "2013.07.27"]
[SourceDate "2013.07.27"]

1. e4 d5 2. exd5 Qxd5 3. Nc3 Qa5 4. d4 Nf6 5. Bd2 c6 6. Bc4 Bf5 7. Nf3 e6 8.
Qe2 Bxc2 9. d5 cxd5 10. Nxd5 Qd8 11. Bb5+ Nc6 12. Nxf6+ Qxf6 13. Bxc6+ bxc6 14.
Qc4 Qxb2 15. Qxc6+ Ke7 16. Rc1 Rd8 17. Rxc2 Qb1+ 18. Rc1 Qxa2 19. Bb4+ Kf6 20.
Bc3+ Ke7 21. Ne5 1-0

[Event "Vaujany Principal"]
[Site "?"]
[Date "2013.07.12"]
[Round "2.21"]
[White "Heymann-Lobzhanidze, Anna-Luise"]
[Black "Brzezinski, Adam"]
[Result "0-1"]
[WhiteElo "1990"]
[BlackElo "2112"]
[PlyCount "84"]
[SourceDate "2013.07.27"]

1. e4 c5 2. Nf3 d6 3. d4 cxd4 4. Nxd4 Nf6 5. Nc3 g6 6. Be3 Bg7 7. Bc4 O-O 8. f3
Nc6 9. Qd2 Bd7 10. O-O-O Rc8 11. Bb3 Nxd4 12. Bxd4 b5 13. Kb1 a5 14. a4 b4 15.
Nd5 Nxd5 16. Bxg7 Nc3+ 17. bxc3 Kxg7 18. cxb4 axb4 19. Kb2 Qa5 20. Qd4+ f6 21.
Qd5 Rc5 22. Qb7 Rc7 23. Rd5 Rxb7 24. Rxa5 Rc8 25. Rd1 f5 26. Rd4 fxe4 27. fxe4
Rc5 28. Ra8 Kf6 29. Bd5 Rbc7 30. Rxb4 Rxc2+ 31. Ka3 Ke5 32. a5 e6 33. Bb7 Rxg2
34. a6 Rcc2 35. Rb3 Ra2+ 36. Kb4 Ra4+ 37. Kc3 Rxh2 38. Rd8 Rh3+ 39. Kb2 Rxb3+
40. Kxb3 Bb5 41. Rb8 Ra1 42. Kb2 Ra5 0-1

[Event "Vaujany Principal"]
[Site "?"]
[Date "2013.07.13"]
[Round "3.2"]
[White "Schoorl, Rob"]
[Black "Ardelean, George-Catalin"]
[Result "0-1"]
[WhiteElo "2340"]
[BlackElo "2505"]
[PlyCount "74"]
[SourceDate "2013.07.27"]

1. e4 c5 2. Nf3 e6 3. b3 Nf6 4. e5 Nd5 5. c4 Ne7 6. Bb2 Nbc6 7. Nc3 d6 8. exd6
Nf5 9. Bd3 Nxd6 10. O-O Be7 11. Ne4 Nf5 12. Qe2 O-O 13. Rae1 a5 14. Ng3 Nxg3
15. hxg3 Bf6 16. Bxf6 Qxf6 17. Qe3 Rd8 18. Be4 Nd4 19. Ne5 Qh6 20. f4 f6 21.
Nf3 Qh5 22. Nxd4 Rxd4 23. f5 e5 24. d3 Ra6 25. a3 Qe8 26. g4 h6 27. Rb1 Qe7 28.
Rf2 Bd7 29. Rfb2 Bc6 30. b4 Bxe4 31. dxe4 cxb4 32. axb4 axb4 33. Rxb4 Ra1 34.
Qc1 Qxb4 35. Rxa1 Rxc4 36. Qd1 Rd4 37. Qc2 Rxe4 0-1

[Event "Vaujany Principal"]
[Site "?"]
[Date "2013.07.13"]
[Round "3.3"]
[White "Gazik, Igor"]
[Black "Lobzhanidze, Davit"]
[Result "1/2-1/2"]
[WhiteElo "2319"]
[BlackElo "2453"]
[PlyCount "100"]
[SourceDate "2013.07.27"]

1. e4 e5 2. Nf3 Nc6 3. Bb5 a6 4. Ba4 Nf6 5. O-O Be7 6. Bxc6 dxc6 7. d3 Nd7 8.
Nbd2 O-O 9. Nc4 f6 10. Nh4 g6 11. Bh6 Rf7 12. f4 exf4 13. Rxf4 Bf8 14. Bxf8
Nxf8 15. Rf2 Be6 16. Ne3 Qd4 17. Qc1 c5 18. Nf3 Qd6 19. Qd2 Nd7 20. Qc3 Ne5 21.
Nxe5 fxe5 22. Rxf7 Kxf7 23. Nc4 Qd4+ 24. Qxd4 exd4 25. Ne5+ Ke7 26. Rf1 a5 27.
a4 Rf8 28. Rxf8 Kxf8 29. Kf2 Ke7 30. b3 Kf6 31. Nf3 c6 32. Kg3 g5 33. h4 h6 34.
hxg5+ hxg5 35. Nh2 Bd7 36. Ng4+ Ke6 37. Nh2 Kf6 38. Nf3 b5 39. Nd2 Be6 40. Kf3
Ke5 41. Kg3 g4 42. Kf2 Kf4 43. g3+ Ke5 44. Ke2 Bc8 45. Kd1 Ba6 46. axb5 cxb5
47. Kc1 Bc8 48. Kb2 Be6 49. Ka3 Kd6 50. Kb2 Ke5 1/2-1/2

[Event "Vaujany Principal"]
[Site "?"]
[Date "2013.07.13"]
[Round "3.4"]
[White "Foisor, Ovidiu-Doru"]
[Black "Grimm, Daniel"]
[Result "1/2-1/2"]
[WhiteElo "2400"]
[BlackElo "2275"]
[PlyCount "59"]
[SourceDate "2013.07.27"]

1. d4 d5 2. c4 c6 3. e3 Nf6 4. Nc3 a6 5. Qc2 Nbd7 6. Nf3 e6 7. b3 Bd6 8. Be2
O-O 9. O-O Qe7 10. Bb2 e5 11. dxe5 Nxe5 12. cxd5 cxd5 13. Rad1 Rd8 14. Nxd5
Nxd5 15. Rxd5 Nxf3+ 16. Bxf3 Bxh2+ 17. Kxh2 Rxd5 18. Bxd5 Qd6+ 19. f4 Qxd5 20.
e4 Qh5+ 21. Kg1 Bd7 22. Rf3 Rc8 23. Rc3 (23. Qf2 $5) 23... Rxc3 24. Qxc3 f6 25.
Qc4+ Qf7 26. Qxf7+ Kxf7 27. Kf2 f5 28. exf5 Bxf5 29. Ke3 g6 30. b4 1/2-1/2

[Event "Vaujany Principal"]
[Site "?"]
[Date "2013.07.13"]
[Round "3.5"]
[White "Van Foreest, Jorden"]
[Black "Foisor, Cristina-Adela"]
[Result "1/2-1/2"]
[WhiteElo "2276"]
[BlackElo "2387"]
[PlyCount "85"]
[SourceDate "2013.07.27"]

1. e4 c5 2. Nf3 a6 3. c3 e6 4. d4 Nf6 5. Bd3 Nc6 6. a3 d6 7. O-O e5 8. b4 cxd4
9. cxd4 Bg4 10. d5 Nd4 11. Nbd2 Nd7 12. h3 Bh5 13. g4 Nxf3+ 14. Qxf3 Bg6 15.
Nc4 h5 16. g5 Rc8 17. h4 Be7 18. Qg2 Nb6 19. Na5 Qd7 20. Qg3 Qg4 21. Qxg4 hxg4
22. Rd1 Rxh4 23. Be3 Rc3 24. Bf1 Bxe4 25. Bg2 Bxg2 26. Kxg2 Nc4 27. Nxc4 Rxc4
28. Rac1 g3 29. fxg3 Rhe4 30. Rxc4 Rxc4 31. Rc1 Rxc1 32. Bxc1 b5 33. Kf3 Bd8
34. Be3 Kd7 35. Ke4 Kc8 36. g6 fxg6 37. Kf3 a5 38. Ke4 a4 39. Kf3 e4+ 40. Kxe4
Bf6 41. Bc1 Kd7 42. g4 Ke8 43. g5 1/2-1/2

[Event "Vaujany Principal"]
[Site "?"]
[Date "2013.07.13"]
[Round "3.6"]
[White "Doncea, Vladimir"]
[Black "Foisor, Sabina"]
[Result "1-0"]
[WhiteElo "2423"]
[BlackElo "2281"]
[PlyCount "129"]
[SourceDate "2013.07.27"]

1. d4 d6 2. e4 Nf6 3. Nc3 e5 4. Nf3 Nbd7 5. Bc4 Be7 6. g4 Nb6 7. Bb5+ c6 8. g5
Nxe4 9. Nxe4 cxb5 10. dxe5 dxe5 11. Qxd8+ Bxd8 12. Nd6+ Ke7 13. Nxe5 Bc7 14.
Nxc8+ Rhxc8 15. Nd3 Bd6 16. Kd1 Nd5 17. h4 Kf8 18. Bd2 Rc6 19. h5 Rac8 20. Rc1
Rc4 21. h6 g6 22. Rh3 Rg4 23. c3 Re8 24. Kc2 Re2 25. Re1 Rxe1 26. Nxe1 Nf4 27.
Rg3 Rxg3 28. fxg3 Ne6 29. g4 Ke7 30. Be3 a6 31. Nd3 f6 32. gxf6+ Kxf6 33. Nf2
Ke5 34. Kd2 g5 35. Nh3 Kf6 36. Kd3 Kg6 37. Ke4 Be7 38. Ke5 Nd8 39. Bb6 Nf7+ 40.
Ke6 Bf6 41. Bd4 Nd8+ 42. Kd7 Nc6 43. Bxf6 Kxf6 44. Kc7 Ne5 45. Nf2 Ke6 46. Kxb7
Kd5 47. Kxa6 Kc6 48. b3 Nf7 49. b4 Ne5 50. a3 Nc4 51. Ne4 Ne5 52. Nf6 Nf7 53.
Nxh7 Nxh6 54. Nxg5 Nxg4 55. Nf3 Ne3 56. Nd4+ Kd5 57. Kxb5 Nc4 58. a4 Nd6+ 59.
Kb6 Kc4 60. a5 Nc8+ 61. Kb7 Nd6+ 62. Kc6 Nc8 63. Ne2 Kd3 64. a6 Kxe2 65. b5 1-0

[Event "Vaujany Principal"]
[Site "?"]
[Date "2013.07.13"]
[Round "3.7"]
[White "Adam, Gyorgy jr"]
[Black "Carmaciu, Lucian-Catalin"]
[Result "0-1"]
[WhiteElo "2129"]
[BlackElo "2416"]
[PlyCount "88"]
[SourceDate "2013.07.27"]

1. e4 c5 2. Nf3 e6 3. d4 cxd4 4. Nxd4 a6 5. Be3 Nf6 6. Nd2 Qc7 7. Be2 d5 8.
exd5 Nxd5 9. O-O Nxe3 10. fxe3 Bd6 11. N4f3 Nd7 12. Ne4 Be7 13. Qd4 O-O 14. Kh1
Nf6 15. Bd3 Rd8 16. Nxf6+ Bxf6 17. Qe4 g6 18. Nd4 Bg7 19. Qh4 Rd5 20. Nf3 Rh5
21. Qf4 Qxf4 22. exf4 Bxb2 23. Rab1 Bf6 24. Be4 Rb8 25. Rb6 Ra5 26. c4 Rxa2 27.
c5 Ra4 28. Bd3 Bd8 29. Rb3 Bc7 30. Ne5 Bxe5 31. fxe5 Bd7 32. Be2 Bc6 33. Rc1
Rd8 34. Bf3 Bxf3 35. gxf3 Rd7 36. Kg2 g5 37. Kg3 Kg7 38. Rb6 h5 39. Rd6 h4+ 40.
Kh3 Rc7 41. Rg1 Kh6 42. Rd8 Rxc5 43. Rg8 Rxe5 44. f4 Re3+ 0-1

[Event "Vaujany Principal"]
[Site "?"]
[Date "2013.07.13"]
[Round "3.8"]
[White "Joie, Sebastien"]
[Black "Van Foreest, Lucas"]
[Result "1-0"]
[WhiteElo "2387"]
[BlackElo "2082"]
[PlyCount "99"]
[SourceDate "2013.07.27"]

1. Nf3 Nf6 2. g3 g6 3. b3 Bg7 4. Bb2 O-O 5. Bg2 d5 6. c4 e6 7. O-O b6 8. Qc2
Bb7 9. Ne5 c5 10. d4 cxd4 11. Bxd4 Nfd7 12. Qb2 Nxe5 13. Bxe5 Bxe5 14. Qxe5 Nc6
15. Qb2 dxc4 16. bxc4 Na5 17. Bxb7 Nxb7 18. Nd2 Nc5 19. Rfd1 Qe7 20. Nb3 Rfd8
21. Qe5 Nxb3 22. axb3 Rxd1+ 23. Rxd1 Rd8 24. Rxd8+ Qxd8 25. b4 Kf8 26. h4 Qd1+
27. Kg2 Ke7 28. Qb8 Qd7 29. b5 f6 30. Qh8 Kd6 31. Qxf6 Kc5 32. Qf4 Qd4 33. Qc7+
Kb4 34. Qxa7 Kxc4 35. Qa2+ Kxb5 36. Qxe6 Kb4 37. Qe7+ Ka4 38. e3 Qc5 39. Qa7+
Kb3 40. e4 Qd4 41. e5 Qe4+ 42. Kh2 Qxe5 43. Qxb6+ Kc4 44. Qa6+ Kd5 45. Qb7+ Ke6
46. Qxh7 Qf5 47. Qg8+ Ke7 48. Qg7+ Ke6 49. Qd4 Kf7 50. Qf4 1-0

[Event "Vaujany Principal"]
[Site "?"]
[Date "2013.07.13"]
[Round "3.9"]
[White "Kormos, Adam"]
[Black "Juhasz, Kristof"]
[Result "0-1"]
[WhiteElo "2211"]
[BlackElo "2292"]
[Annotator "Juhasz Kristof"]
[PlyCount "106"]
[SourceDate "2013.07.27"]

1. e4 c6 2. c4 d5 3. cxd5 cxd5 4. exd5 Nf6 5. Qa4+ Nbd7 6. Nc3 g6 7. Bc4 Bg7 8.
d3 a6 9. Nf3 O-O 10. Qa3 Nb6 11. Qb3 (11. O-O $6 Nbxd5) 11... Nxc4 12. dxc4 b5
$1 13. cxb5 $2 {Diagramme #} (13. O-O bxc4 14. Qxc4 e6) 13... Nxd5 $1 14. Nxd5
(14. Qxd5 $4 Bxc3+ 15. bxc3 Qxd5 $19) 14... Be6 15. O-O Bxd5 16. Qd3 axb5 17.
Qxb5 {Diagramme #} e6 $1 $17 (17... Bxf3 18. gxf3) (17... Rxa2 18. Rxa2 Bxa2
19. Bg5 $132) 18. a4 Qc7 $5 19. Qe2 Rfb8 20. Re1 (20. Rd1 Bb3) 20... Rb4 21. a5
Re4 22. Qd2 Rc4 (22... Rg4 23. h3) 23. a6 Qc6 24. a7 $138 Bxf3 25. gxf3 Qxf3
26. Ra3 Rg4+ 27. Kf1 Qg2+ 28. Ke2 Bd4 $1 $19 (28... Re4+ 29. Re3 (29. Kd1)
29... Bh6) 29. Kd1 (29. Rf3 Re4+ $19) 29... Bxf2 30. Rd3 Bxa7 (30... Bxe1 31.
Rd8+ Kg7 (31... Rxd8 32. Qxd8+ Kg7 33. a8=Q) 32. Qxg2 (32. Qh6+ Kf6 $19) 32...
Rxd8+ 33. Qd2 Bxd2 $19) 31. Qxg2 Rxg2 32. Re2 (32. Ra3 $2 Rd8+ 33. Bd2 Rdxd2+
34. Kc1 Rc2+ 35. Kd1 Rgd2#) 32... Rg1+ 33. Kc2 Bb6 34. Rb3 $6 Bd4 35. Be3 Rc8+
36. Kd3 Bxe3 37. Kxe3 Rgc1 38. h3 Kg7 39. Rd2 Rh1 40. Ke4 Rc4+ 41. Ke5 Rh4 42.
Rdd3 Rh5+ 43. Kd6 Kf6 44. Rf3+ Rf5 45. Rbd3 (45. Rxf5+ gxf5 $19) 45... Rb1 46.
b3 g5 47. Kd7 (47. Rxf5+ exf5 $19) 47... h5 48. Kd6 g4 49. Rg3 Rf4 50. Rc3 Rd1+
51. Kc6 Kg5 52. Rc5+ Kh4 53. Rgc3 {Diagramme #} Rc1 $1 0-1

[Event "Vaujany Principal"]
[Site "?"]
[Date "2013.07.13"]
[Round "3.10"]
[White "Horvath, Jozsef"]
[Black "Sonnet, Jean-Pierre"]
[Result "1-0"]
[WhiteElo "2516"]
[BlackElo "2113"]
[PlyCount "51"]
[SourceDate "2013.07.27"]

1. d4 Nf6 2. c4 g6 3. Nc3 Bg7 4. e4 d6 5. Nf3 O-O 6. Be2 a6 7. O-O Bg4 8. Be3
Nfd7 9. Nd2 Bxe2 10. Qxe2 c6 11. c5 e5 12. dxe5 dxc5 13. f4 b5 14. a4 b4 15.
Nd1 a5 16. Nf2 Na6 17. Nc4 Qc7 18. Rfd1 Rfd8 19. Rd6 Nf8 (19... Bf8 20. Rd2)
20. Rad1 Ne6 21. Rxd8+ Rxd8 22. Rxd8+ Qxd8 23. Qd3 Nd4 (23... Qxd3 24. Nxd3)
24. Nd6 Qb6 25. Bxd4 cxd4 26. Qc4 1-0

[Event "Vaujany Principal"]
[Site "?"]
[Date "2013.07.13"]
[Round "3.11"]
[White "Manolache, Marius"]
[Black "Gazik, Viktor"]
[Result "1-0"]
[WhiteElo "2504"]
[BlackElo "2112"]
[PlyCount "59"]
[SourceDate "2013.07.27"]

1. d4 Nf6 2. c4 g6 3. Nc3 Bg7 4. Nf3 O-O 5. e4 d6 6. Be2 e5 7. O-O Nc6 8. d5
Ne7 9. Nd2 Nd7 10. b4 f5 11. a4 a5 12. bxa5 Nc5 13. Ba3 Bh6 14. Bxc5 dxc5 15.
Nb3 fxe4 16. Nxe4 Nf5 17. Nexc5 Nh4 18. Bg4 Rf4 19. Bxc8 Qxc8 {Diagramme #} 20.
Ne6 Rxc4 21. Re1 Qd7 22. Nbc5 Qe7 23. Nd3 Rxa5 24. Nxe5 Rb4 25. Ng4 Bg5 26. h3
h5 27. Nxg5 Qxg5 28. Re8+ Kf7 29. Qe1 Rb6 30. f4 1-0